Random Abbreviation to US State - Statistics

General Stats
  • This quiz has been taken 85 times
  • The average score is 15 of 16
Answer Stats
Abbreviation State % Correct
CA California
100%
CO Colorado
100%
FL Florida
100%
GA Georgia
100%
IL Illinois
100%
IN Indiana
100%
KS Kansas
100%
KY Kentucky
100%
ME Maine
100%
MA Massachusetts
100%
MO Missouri
100%
NV Nevada
100%
NH New Hampshire
100%
NJ New Jersey
100%
NY New York
100%
NC North Carolina
100%
OH Ohio
100%
OK Oklahoma
100%
PA Pennsylvania
100%
RI Rhode Island
100%
TN Tennessee
100%
TX Texas
100%
UT Utah
100%
WA Washington
100%
WY Wyoming
100%
ID Idaho
95%
AL Alabama
93%
CT Connecticut
93%
IA Iowa
93%
WV West Virginia
93%
DE Delaware
92%
VA Virginia
92%
WI Wisconsin
92%
AR Arkansas
91%
OR Oregon
91%
HI Hawaii
89%
LA Louisiana
89%
MS Mississippi
89%
MT Montana
88%
SD South Dakota
87%
AZ Arizona
86%
MI Michigan
85%
ND North Dakota
83%
VT Vermont
83%
MD Maryland
82%
SC South Carolina
82%
AK Alaska
80%
MN Minnesota
80%
NM New Mexico
73%
NE Nebraska
70%
No matching quizzes found
Score Distribution
Percent of People with Each Score
Percentile by Number Answered
Your Score History
You have not taken this quiz